000 00589nam a2200217Ia 4500
005 20250425162744.0
008 250425s9999 xx 000 0 und d
020 _a1556236247
041 _aeng
082 _a658.4092
100 _aBLOHOWIAK, DONALD W.
245 0 _aMAVERICKS! HOW TO LEAD YOUR STAFF TO THINK LIKE EINSTEIN, CREATE LIKE DA VINCI, AND INVENT LIKE EDISON
250 _aS.E.
260 _aEstados Unidos
_bBUSINESS ONE IRWIN
_c1992
260 _aS.L.
300 _a238
650 _aLIDERAZGO
710 _aBUSINESS ONE IRWIN
942 _c01
010 _a105767
999 _c235778
_d235778